[Event "BRA-ch U18 Girls"]
[Site "Itajai"]
[Date "2017.06.02"]
[Round "2"]
[White "Bail, Ellen Larissa"]
[Black "Ribeiro, Jessica Maria da Si"]
[Result "1-0"]
[WhiteElo "1734"]
[BlackElo "1301"]
[PlyCount "115"]
[EventDate "2017.06.01"]
[EventType "swiss"]
[EventRounds "6"]
[EventCountry "BRA"]
[SourceTitle "CBM 179 Extra"]
[Source "ChessBase"]
[SourceDate "2017.08.23"]
[SourceVersion "1"]
[SourceVersionDate "2017.08.23"]
[SourceQuality "1"]

1. Nf3 Nc6 2. d4 d5 3. c4 dxc4 4. Nc3 e6 5. e3 Nf6 6. Bxc4 Bb4 7. 0-0 0-0 8. a3 Ba5 9. b4 Bb6 10. Na4 h6 11. Bb2 Bd7 12. Qc2 Nd5 13. Rad1 Re8 14. Ba2 a6 15. e4 Nf4 16. Bc1 Ng6 17. Nxb6 cxb6 18. Be3 Rc8 19. Qb2 b5 20. Nd2 a5 21. bxa5 Nxa5 22. Rc1 Qe7 23. f3 Rc6 24. d5 exd5 25. Bxd5 Rxc1 26. Rxc1 Bc6 27. Ba2 Ne5 28. Qc3 Qf6 29. Qxa5 Nd3 30. Rf1 Qb2 31. Bb1 Ne5 32. Qb4 Qxb4 33. axb4 Nc4 34. Kf2 Nxe3 35. Kxe3 Ra8 36. Bd3 Ra2 37. Rb1 g5 38. g3 h5 39. Be2 Bd7 40. Bd1 Kg7 41. Bb3 Ra8 42. Rb2 Ra1 43. Nb1 Kg6 44. f4 gxf4+ 45. Kxf4 f6 46. Ke3 Kg5 47. Kd4 Bc6 48. Bd5 Ra6 49. Nc3 h4 50. gxh4+ Kxh4 51. Kc5 Kg5 52. Nxb5 Bxb5 53. Kxb5 Kf4 54. Bxb7 Re6 55. Bd5 Re8 56. Ka6 Re7 57. b5 Ke5 58. b6 1-0

[Event "Parana-ch (Women)"]
[Site "Pirai do Sul"]
[Date "2017.01.29"]
[Round "4"]
[White "Ribeiro, Jessica Maria da Si"]
[Black "Cassou, Camile Bastos Vaz"]
[Result "0-1"]
[WhiteElo "1293"]
[BlackElo "1733"]
[PlyCount "60"]
[EventDate "2017.01.28"]
[EventType "swiss"]
[EventRounds "6"]
[EventCountry "BRA"]
[SourceTitle "CBM 176 Extra"]
[Source "ChessBase"]
[SourceDate "2017.03.02"]
[SourceVersion "1"]
[SourceVersionDate "2017.03.02"]
[SourceQuality "1"]

1. e4 e5 2. Bc4 Nf6 3. d3 h6 4. Nf3 Nc6 5. 0-0 Bc5 6. h3 d6 7. Nc3 0-0 8. Nd5 Be6 9. Nxf6+ Qxf6 10. Bxe6 Qxe6 11. c3 Bb6 12. d4 exd4 13. cxd4 Qxe4 14. d5 Nd4 15. Be3 Nc2 16. Qd2 Nxa1 17. Rxa1 Bxe3 18. fxe3 Rfe8 19. Re1 Re7 20. Qd4 Qxd4 21. Nxd4 Rae8 22. Kf2 Re5 23. Nb5 Rxd5 24. Nxc7 Rd2+ 25. Kf3 Re7 26. Nb5 Rxb2 27. Nxd6 Re6 28. Nf5 Rf6 29. Kg4 Rxg2+ 30. Ng3 Rg6+ 0-1

[Event "Parana-ch (Women)"]
[Site "Pirai do Sul"]
[Date "2017.01.28"]
[Round "2"]
[White "Lobo Nascimento, Ana Julia"]
[Black "Ribeiro, Jessica Maria da Si"]
[Result "0-1"]
[WhiteElo "1800"]
[BlackElo "1293"]
[PlyCount "38"]
[EventDate "2017.01.28"]
[EventType "swiss"]
[EventRounds "6"]
[EventCountry "BRA"]
[SourceTitle "CBM 176 Extra"]
[Source "ChessBase"]
[SourceDate "2017.03.02"]
[SourceVersion "1"]
[SourceVersionDate "2017.03.02"]
[SourceQuality "1"]

1. e4 e5 2. Bd3 Nf6 3. Nf3 Nc6 4. 0-0 Bc5 5. Qe2 d6 6. Kh1 0-0 7. Rg1 Bg4 8. h3 Bh5 9. Nc3 Nd4 10. Nxd4 Bxe2 11. Ncxe2 Bxd4 12. Nxd4 exd4 13. c3 dxc3 14. dxc3 Re8 15. Rb1 Nxe4 16. f3 Nf2+ 17. Kh2 Nxd3 18. Bd2 d5 19. Rgf1 Qd6+ 0-1

[Event "Caioba Telecom op"]
[Site "Caioba"]
[Date "2016.08.27"]
[Round "4"]
[White "Salvadego, Matheus Henrique De"]
[Black "Ribeiro, Jessica Maria da Si"]
[Result "0-1"]
[WhiteElo "1284"]
[BlackElo "1800"]
[PlyCount "50"]
[EventDate "2016.08.26"]
[EventType "swiss"]
[EventRounds "6"]
[EventCountry "BRA"]
[SourceTitle "CBM 174 Extra"]
[Source "ChessBase"]
[SourceDate "2016.10.10"]
[SourceVersion "1"]
[SourceVersionDate "2016.10.10"]
[SourceQuality "1"]

1. d4 d5 2. c4 dxc4 3. e3 Nf6 4. Bxc4 e6 5. a3 a6 6. Nc3 Nc6 7. Nf3 Be7 8. Bd2 0-0 9. Ne5 Nxe5 10. dxe5 Nd5 11. Qf3 Nxc3 12. Bxc3 Rb8 13. 0-0 b5 14. Rfd1 Bb7 15. Qg3 Qe8 16. Bd3 Qc6 17. Rac1 Ba8 18. Ba5 Qb7 19. Rxc7 Qd5 20. Bxh7+ Kxh7 21. Rxd5 Bxd5 22. Rxe7 Rbc8 23. Kf1 Rc1+ 24. Be1 Bc4+ 25. Kg1 Rxe1# 0-1

[Event "BRA-ch U16 Girls"]
[Site "Itajai"]
[Date "2016.06.10"]
[Round "3"]
[White "Ribeiro, Jessica Maria da Si"]
[Black "Bertoldi, Thayna Nicole"]
[Result "0-1"]
[WhiteElo "1800"]
[BlackElo "1757"]
[PlyCount "79"]
[EventDate "2016.06.09"]
[EventType "swiss"]
[EventRounds "6"]
[EventCountry "BRA"]
[SourceTitle "CBM 172 Extra"]
[Source "ChessBase"]
[SourceDate "2016.06.21"]
[SourceVersion "1"]
[SourceVersionDate "2016.06.21"]
[SourceQuality "1"]

1. e4 e5 2. Nf3 Nc6 3. Bb5 Nf6 4. Nc3 Bc5 5. Bxc6 dxc6 6. Nxe5 Bd4 7. d3 Bxe5 8. 0-0 0-0 9. Re1 Ng4 10. g3 Qf6 11. Qe2 Bd4 12. Nd1 Qe5 13. c3 Qh5 14. h4 Bc5 15. d4 Be7 16. Ne3 g5 17. Nf5 Bxf5 18. exf5 gxh4 19. Kg2 h3+ 20. Kf3 h2 21. Bf4 Rfe8 22. Qf1 Bd6 23. Bxd6 cxd6 24. Rad1 Qxf5+ 25. Kg2 Qc2 26. Rb1 Ne3+ 27. Rxe3 Rxe3 28. Qc1 Qxc1 29. Rxc1 Re2 30. Kxh2 Rxf2+ 31. Kh3 Rxb2 32. a3 Re8 33. Rf1 Rb3 34. Rf6 Rxc3 35. Rxd6 Ree3 36. Rd7 Rxg3+ 37. Kh4 Rge3 38. Kh5 Rxa3 39. Kh6 Re6+ 40. Kh5 0-1